[Event "Pan American-ch U20 Girls"]
[Site "Vila Santa Cecilia"]
[Date "2023.11.11"]
[Round "9"]
[White "Velarde Alarcon, Jhoana"]
[Black "De Freitas, Isabella Ribeiro Co"]
[Result "0-1"]
[WhiteElo "1375"]
[BlackElo "1867"]
[PlyCount "42"]
[EventDate "2023.11.06"]
[EventType "tourn"]
[EventRounds "9"]
[EventCountry "BRA"]
[SourceTitle "CB46_2023"]
[SourceDate "2023.11.15"]
[SourceVersion "1"]
[SourceVersionDate "2023.11.15"]
[SourceQuality "1"]

1. e4 c5 2. Nf3 e6 3. d4 cxd4 4. Nxd4 a6 5. c4 Nf6 6. f3 Bc5 7. Nb3 Ba7 8. Bf4 d5 9. Nc3 d4 10. Ne2 Nc6 11. Qd2 e5 12. Bg5 h6 13. Bxf6 Qxf6 14. f4 Bg4 15. f5 Bxe2 16. Qxe2 d3 17. Qxd3 Rd8 18. Qe2 Nb4 19. Nc1 Be3 20. Qf3 Nc2+ 21. Ke2 Rd2# 0-1

[Event "Pan American-ch U20 Girls"]
[Site "Vila Santa Cecilia"]
[Date "2023.11.08"]
[Round "4"]
[White "Velarde Alarcon, Jhoana"]
[Black "Obregon Garcia, Roxangel"]
[Result "0-1"]
[WhiteElo "1375"]
[BlackElo "2138"]
[PlyCount "130"]
[EventDate "2023.11.06"]
[EventType "tourn"]
[EventRounds "9"]
[EventCountry "BRA"]
[SourceTitle "CB46_2023"]
[SourceDate "2023.11.15"]
[SourceVersion "1"]
[SourceVersionDate "2023.11.15"]
[SourceQuality "1"]

1. e4 c5 2. Nf3 d6 3. d4 cxd4 4. Nxd4 Nf6 5. f3 e5 6. Nb3 d5 7. Bg5 d4 8. c3 Nc6 9. Bb5 h6 10. Bxf6 Qxf6 11. cxd4 exd4 12. Qxd4 Qg5 13. Bxc6+ bxc6 14. 0-0 Be6 15. f4 Qb5 16. Nc3 Qb6 17. Qxb6 axb6 18. Nd2 Bc5+ 19. Kh1 Bd4 20. a3 Be3 21. Rad1 Bg4 22. Nf3 Bxf4 23. h3 Bxf3 24. Rxf3 Be5 25. g4 Ke7 26. Rfd3 Rhd8 27. Rxd8 Rxd8 28. Rxd8 Kxd8 29. Nd1 Kd7 30. Kg2 Kd6 31. Kf3 Kc5 32. Ke3 Kc4 33. Kd2 Kb3 34. Kc1 Bf4+ 35. Kb1 Kc4 36. Kc2 Kd4 37. Nc3 Ke3 38. b4 b5 39. Kb3 Be5 40. Nd1+ Kxe4 41. a4 bxa4+ 42. Kxa4 Kf3 43. Kb3 Kg3 44. Kc4 Kxh3 45. Ne3 Bf4 46. Nf5 Kxg4 47. Nxg7 h5 48. Nxh5 Kxh5 49. Kc5 Bd2 50. Kxc6 Bxb4 51. Kb5 f5 52. Kxb4 Kg4 53. Kc3 Kg3 54. Kd2 f4 55. Ke2 Kg2 56. Ke1 f3 57. Kd2 f2 58. Ke3 f1Q 59. Kd2 Qf3 60. Ke1 Qf2+ 61. Kd1 Kf3 62. Kc1 Ke3 63. Kb1 Kd3 64. Ka1 Kc3 65. Kb1 Qb2# 0-1

[Event "Pan American-ch U20 Girls"]
[Site "Vila Santa Cecilia"]
[Date "2023.11.07"]
[Round "3"]
[White "Contreras Huaman, Fiorella Daiana"]
[Black "Velarde Alarcon, Jhoana"]
[Result "1-0"]
[WhiteElo "1896"]
[BlackElo "1375"]
[PlyCount "95"]
[EventDate "2023.11.06"]
[EventType "tourn"]
[EventRounds "9"]
[EventCountry "BRA"]
[SourceTitle "CB46_2023"]
[SourceDate "2023.11.15"]
[SourceVersion "1"]
[SourceVersionDate "2023.11.15"]
[SourceQuality "1"]

1. e4 c5 2. Nc3 Nc6 3. g3 g6 4. Bg2 Bg7 5. d3 e6 6. Be3 d6 7. f4 Nge7 8. Nf3 Rb8 9. d4 Qb6 10. Ne2 cxd4 11. Nfxd4 Qxb2 12. 0-0 Qa3 13. Qd2 Qa5 14. c3 0-0 15. Nxc6 Nxc6 16. Qxd6 Rd8 17. Qc5 Qxc5 18. Bxc5 Rd2 19. Rfe1 b6 20. Be3 Rd3 21. Nc1 Rxc3 22. e5 Nb4 23. Bd2 Rc4 24. Bf1 Nc2 25. Bxc4 Nxa1 26. Bd3 Bb7 27. Bc3 Bf8 28. Bxa1 Bc5+ 29. Kf1 Rd8 30. Ke2 b5 31. Nb3 Bb4 32. Rc1 Bg2 33. Bd4 a6 34. Bc5 Bxc5 35. Rxc5 Bh3 36. Nd2 Bg4+ 37. Ke3 b4 38. Ne4 Kg7 39. Nd6 Rd7 40. Ne8+ Kh6 41. Nf6 Rxd3+ 42. Kxd3 Bf5+ 43. Ke3 Bb1 44. h4 Bxa2 45. g4 b3 46. g5+ Kg7 47. Rc8 b2 48. Rg8# 1-0

[Event "Tarija op"]
[Site "Tarija"]
[Date "2023.04.07"]
[Round "3"]
[White "Velarde Alarcon, Jhoana"]
[Black "Balcera, Carlos"]
[Result "0-1"]
[WhiteElo "1353"]
[BlackElo "1842"]
[PlyCount "82"]
[EventDate "2023.04.06"]
[EventType "swiss"]
[EventRounds "7"]
[EventCountry "BOL"]
[SourceTitle "EXT 2024"]
[Source "ChessBase"]
[SourceDate "2023.10.10"]
[SourceVersion "1"]
[SourceVersionDate "2023.10.10"]
[SourceQuality "1"]

1. e4 c5 2. Nf3 d6 3. d4 cxd4 4. Nxd4 Nf6 5. f3 a6 6. c4 e5 7. Nb3 Be6 8. Nc3 Nbd7 9. Be3 Be7 10. Qd2 0-0 11. Be2 Rc8 12. Nd5 Bxd5 13. cxd5 Nb6 14. Qb4 Nbxd5 15. exd5 Nxd5 16. Qd2 Nxe3 17. Qxe3 Bg5 18. Qe4 Qb6 19. Rd1 Rfd8 20. g3 a5 21. Kf1 a4 22. Qxa4 Rc2 23. Na5 Rxe2 24. Kxe2 Qe3+ 25. Kf1 Qxf3+ 26. Ke1 Qxh1+ 27. Ke2 Qxh2+ 28. Kf3 Qxb2 29. Rxd6 b5 30. Qg4 Rxd6 31. Nb7 Qc3+ 32. Kg2 Qc6+ 33. Kf2 Qxb7 34. Qxg5 Rf6+ 35. Ke1 Qe4+ 36. Kd2 h6 37. Qh5 Rd6+ 38. Kc1 Qc4+ 39. Kb1 Rd2 40. Qf3 Qc2+ 41. Ka1 Qxa2# 0-1

[Event "Santa Cruz op 5th"]
[Site "Santa Cruz"]
[Date "2023.02.18"]
[Round "5"]
[White "Velarde Alarcon, Jhoana"]
[Black "Lilienfeld Quevedo, Daniel"]
[Result "0-1"]
[WhiteElo "1344"]
[BlackElo "1466"]
[PlyCount "134"]
[EventDate "2023.02.16"]
[EventType "swiss"]
[EventRounds "7"]
[EventCountry "BOL"]
[SourceTitle "CBM 212 Extra"]
[Source "ChessBase"]
[SourceDate "2023.03.31"]
[SourceVersion "1"]
[SourceVersionDate "2023.03.31"]
[SourceQuality "1"]

1. e4 c5 2. Nf3 d6 3. d4 cxd4 4. Nxd4 Nf6 5. f3 Nc6 6. c4 e5 7. Nb3 Be7 8. Be3 Be6 9. Nc3 Rc8 10. Be2 0-0 11. 0-0 a6 12. Qd2 Qc7 13. Nd5 Bxd5 14. cxd5 Nb8 15. Rfc1 Qd8 16. Qb4 b5 17. Na5 Qd7 18. a4 bxa4 19. Rxc8 Rxc8 20. Rc1 Rxc1+ 21. Bxc1 Qa7+ 22. Kf1 Qc7 23. Be3 Kf8 24. Bd3 Bd8 25. Nc4 Ne8 26. Qxa4 Nd7 27. b4 Qc8 28. Kf2 h6 29. Na3 Nc7 30. Qc6 Be7 31. b5 Nb8 32. Qc3 Qb7 33. b6 Ne8 34. Nc2 Bd8 35. Nb4 Bxb6 36. Bxb6 Qxb6+ 37. Ke2 Nc7 38. Qa3 a5 39. Nc6 Nxc6 40. Qxd6+ Kg8 41. dxc6 Ne6 42. Qxe5 Qxc6 43. Qxa5 Qc1 44. Kf2 g5 45. g3 Qh1 46. Qe5 Qxh2+ 47. Ke3 Qg1+ 48. Kd2 Qf2+ 49. Be2 h5 50. Qb8+ Kg7 51. Qe5+ Kf8 52. Qh8+ Ke7 53. Qxh5 Qxg3 54. Qh8 Qf2 55. Qb8 Qd4+ 56. Ke1 Nf4 57. Qc7+ Kf6 58. Qc4 Ng2+ 59. Kf1 Ne3+ 60. Ke1 Nxc4 61. e5+ Nxe5 62. f4 gxf4 63. Kf1 f3 64. Ba6 Ng4 65. Ke1 Qe5+ 66. Kf1 Qe3 67. Be2 Qf2# 0-1

[Event "BOL-ch U16 Girls"]
[Site "Cochabamba"]
[Date "2023.01.15"]
[Round "7"]
[White "Velarde Alarcon, Jhoana"]
[Black "Canaviri, Adriana"]
[Result "1/2-1/2"]
[WhiteElo "1338"]
[BlackElo "1411"]
[PlyCount "35"]
[EventDate "2023.01.13"]
[EventType "swiss"]
[EventRounds "7"]
[EventCountry "BOL"]
[SourceTitle "EXT 2024"]
[Source "ChessBase"]
[SourceDate "2023.10.10"]
[SourceVersion "1"]
[SourceVersionDate "2023.10.10"]
[SourceQuality "1"]

1. e4 c5 2. Nf3 Nc6 3. d4 cxd4 4. Nxd4 g6 5. c4 Bg7 6. Be3 Nf6 7. Nc3 0-0 8. Be2 d6 9. 0-0 Bd7 10. f3 a5 11. Nd5 Nxd5 12. cxd5 Nb4 13. a3 Na6 14. Rc1 a4 15. Bxa6 Rxa6 16. Qd2 Ra8 17. Qb4 Rb8 18. Rc2 1/2-1/2

[Event "BOL-ch U16 Girls"]
[Site "Cochabamba"]
[Date "2023.01.14"]
[Round "4"]
[White "Velarde Alarcon, Jhoana"]
[Black "Villegas Garcia, Renata Alejandra"]
[Result "1-0"]
[WhiteElo "1338"]
[BlackElo "1041"]
[PlyCount "103"]
[EventDate "2023.01.13"]
[EventType "swiss"]
[EventRounds "7"]
[EventCountry "BOL"]
[SourceTitle "EXT 2024"]
[Source "ChessBase"]
[SourceDate "2023.10.10"]
[SourceVersion "1"]
[SourceVersionDate "2023.10.10"]
[SourceQuality "1"]

1. e4 c5 2. Nf3 g6 3. c4 Bg7 4. d4 cxd4 5. Nxd4 Nc6 6. Be3 Nf6 7. Nc3 d6 8. Be2 Qa5 9. 0-0 0-0 10. a3 Qc7 11. Rc1 Nd7 12. f3 Nxd4 13. Bxd4 Bxd4+ 14. Qxd4 Qc5 15. Qf2 Qxf2+ 16. Kxf2 Ne5 17. f4 Nc6 18. Rfd1 f5 19. b4 fxe4 20. Ke3 a5 21. b5 Nd8 22. Nd5 Rf7 23. c5 Ne6 24. cxd6 exd6 25. Nb6 Rb8 26. Rxc8+ Rxc8 27. Nxc8 Nxf4 28. Bc4 d5 29. Bxd5 Nxd5+ 30. Rxd5 Rf1 31. Rd8+ Kg7 32. Rd7+ Kh6 33. Rxb7 Re1+ 34. Kf2 Ra1 35. Re7 Rxa3 36. Rxe4 Rc3 37. Na7 Rc7 38. b6 Rb7 39. Re6 Kg7 40. Rc6 Kh6 41. Nb5 Rf7+ 42. Ke2 Rf5 43. Nd6 Re5+ 44. Kd3 Rd5+ 45. Kc4 Rd1 46. b7 Rb1 47. Nb5 Rc1+ 48. Nc3 a4 49. b8Q Kh5 50. Qf4 Rb1 51. Rc5+ g5 52. Qxg5# 1-0

[Event "South America-ch U12 Girls 16th"]
[Site "Buenos Aires"]
[Date "2019.12.04"]
[Round "6.5"]
[White "Velarde Alarcon, Jhoana"]
[Black "Castaneda, Milagros1111"]
[Result "0-1"]
[WhiteElo "1271"]
[BlackElo "1426"]
[PlyCount "64"]
[EventDate "2019.12.01"]
[EventType "swiss"]
[EventRounds "9"]
[EventCountry "ARG"]
[SourceTitle "EXT 2024"]
[Source "ChessBase"]
[SourceDate "2023.10.10"]
[SourceVersion "1"]
[SourceVersionDate "2023.10.10"]
[SourceQuality "1"]

1. e4 e5 2. f4 Bc5 3. Qh5 Qf6 4. Qxe5+ Qxe5 5. fxe5 Nc6 6. Nf3 Nge7 7. c3 Ng6 8. d4 Bb6 9. Bc4 0-0 10. Rf1 h6 11. a4 d6 12. exd6 cxd6 13. b3 Bd7 14. Ba3 Rfe8 15. Nfd2 Red8 16. Rxf7 Kh7 17. Bxd6 Be8 18. Bc7 Rdc8 19. Bxb6 Bxf7 20. Bxf7 axb6 21. Na3 Rf8 22. Bc4 Nf4 23. g3 Nh3 24. Be6 Ng5 25. Bg4 Nxe4 26. Nxe4 Rae8 27. Nc4 Rxe4+ 28. Be2 Rfe8 29. Ra2 R4e7 30. Nxb6 Rf8 31. Nd5 Ref7 32. Nf4 g5 0-1

[Event "South America-ch U12 Girls 16th"]
[Site "Buenos Aires"]
[Date "2019.12.04"]
[Round "5.8"]
[White "Velarde Alarcon, Jhoana"]
[Black "Gaite, Karen Nerina1111"]
[Result "1-0"]
[WhiteElo "1271"]
[BlackElo "1321"]
[PlyCount "94"]
[EventDate "2019.12.01"]
[EventType "swiss"]
[EventRounds "9"]
[EventCountry "ARG"]
[SourceTitle "EXT 2024"]
[Source "ChessBase"]
[SourceDate "2023.10.10"]
[SourceVersion "1"]
[SourceVersionDate "2023.10.10"]
[SourceQuality "1"]

1. e4 e5 2. f4 exf4 3. Nf3 g5 4. Bc4 Bg7 5. 0-0 h6 6. d4 Ne7 7. Nc3 0-0 8. h4 Ng6 9. h5 Ne7 10. d5 d6 11. Nh2 Nd7 12. Re1 Ne5 13. Be2 f5 14. exf5 Nxf5 15. Ng4 Ng3 16. Nxe5 dxe5 17. Bc4 Qd6 18. Ne4 Nxe4 19. Rxe4 Bf5 20. Qd3 Bxe4 21. Qxe4 Kh8 22. Bd3 Kg8 23. Qh7+ Kf7 24. Bg6+ Kf6 25. Bf5 Rg8 26. Bd3 Qf8 27. Bd2 a5 28. b4 Rh8 29. Qg6+ Ke7 30. bxa5 Qf6 31. Bb4+ Kd8 32. Qe4 Bf8 33. Rd1 Bd6 34. Bc3 Re8 35. Qa4 Qe7 36. Qb5 Rb8 37. a6 Bc5+ 38. Kh1 Qd6 39. Bg6 Ke7 40. a7 Ra8 41. Bxe5 Qxe5 42. Qxc5+ Qd6 43. Qb5 Kf8 44. Qxb7 Qc5 45. Qb2 Qb6 46. Qh8+ Ke7 47. Qh7+ Kf8 1-0